000 00628nam a2200193Ia 4500
003 GCL
008 140319s9999 xx 000 0 ara d
040 _aGCL /
_cGCL
082 0 4 _a811.9
_bم م
100 1 _aمحمد عفيفى مطر
245 1 0 _aمحمود سامى البارودى /
_cمحمد عفيفى مطر
300 _a141 ص
490 _aسلسلة الشعر و الشعراء
_v0
650 0 4 _aالشعر العربى
650 0 4 _aالادب العربى
650 0 4 _aالشعر العربى - دواوين وقصائد
650 0 4 _aالشعر العربى - العصر الحديث
942 _2ddc
_cBK
999 _c48491
_d48491